000 00677nam a22002417a 4500
003 UA-OsUOA
001 95483
007 ta
008 20130301b un ||||| |||| 00| 0 ukr d
100 _aКолісниченко А. І.
090 _a821.161.2
_bК60
942 _cBK
040 _aUA-OsUOA
_bukr
_cUA-OsUOA
_dUA-OsUOA
245 _aФлейта для адвоката
_bповісті, новели
300 _a334 с.
955 _a3
041 _aukr
080 _a821.161.2
020 _a5-333-00223-1
260 _aК.
_bРад. письменник
_c1989
650 7 _a82 Література. Літературознавство
_2UDC
999 _c381732
_d381732